000 00295nam a2200121Ia 4500
008 240624s9999 xx 000 0 und d
041 _aeng
082 _a658.4052 HUT
100 _aHUTSON DON
245 _aONE MINUTE NEGOTIATOR
260 _c2011
_aNew Delhi
_bTata McGraw-Hill
365 _cRS
_b33
999 _c26145
_d26145